Best 10 Test Cricket Batsmen Ever by Average - Statistics

General Stats
  • This quiz has been taken 18 times
  • The average score is 4 of 10
Answer Stats
Average Answer % Correct
99.94 Donald Bradman
100%
60.00 Steven Smith
88%
58.45 Wally Hammond
41%
58.61 Everton Weekes
35%
60.73 Herbert Sutcliffe
35%
61.87 Adam Voges
29%
60.83 George Headley
24%
58.67 Ken Barrington
24%
60.97 RG Pollock
24%
59.23 Eddie Paynter
12%
No matching quizzes found
Score Distribution
Percent of People with Each Score
Percentile by Number Answered
Your Score History
You have not taken this quiz